000 00803nam a2200277Ia 4500
003 OSt
005 20220928125039.0
006 a|||||r|||| 00| 0
007 ta
008 220927b |||||||| |||| 00| 0 eng d
020 _c2813.8699999999999
024 _a126175
037 _b233, 20/02/2015, N.R.Book Distributors
_cTextual
040 _aSDCL
_cSDCL
_beng
041 _2eng
_aeng
082 _aG9M,11, Q5
100 _aWilson John
_9405642
245 0 _aMolecular biology of the cell
250 _a6th
260 _aNew York
_b Taylor & Francis
_c2015
300 _axvi;966p
_ccm.
650 _aBiochemistry
700 _a Hunt Tim
_9433425
942 _hG9M,11, Q5
_cTEXL
_2CC
999 _c780608
_d780608